| 000 | 00747nam a22002057a 4500 | ||
|---|---|---|---|
| 999 |
_c19994 _d19994 |
||
| 003 | AR-CdUCM | ||
| 008 | 190524b ||||| |||| 00| 0 spa d | ||
| 040 |
_aMUNICIPALIDAD PROVINCIAL DEL CUSCO _cBIBLIOTECA MUNICIPAL DEL CUSCO |
||
| 082 |
_a985.6 / _bG88 |
||
| 100 |
_aGuevara Velasco, Agustín : _935541 |
||
| 245 |
_aApuntes sobre mi patria : _bVolumen del departamento de Puno / |
||
| 300 |
_a1457 páginas ; _c23 cm. |
||
| 505 | _aContenido: Distrito de Pichacani -- Distrito de puno -- Distrito de Tiquillaca... | ||
| 650 |
_aPuno _93897 |
||
| 650 |
_aHistoria puneña _941826 |
||
| 650 |
_aDistritos de Puno _941827 |
||
| 700 |
_aGuevara, Victor J,(prefacio), Quesada, Alejandro(colofón) _941828 |
||
| 942 |
_2ddc _cLIBROS |
||
| 945 | _aAndy | ||